Railjet Stationen der ÖBB - Statistiken

Allgemein
  • Dieses Quiz wurde 143 mal gespielt
  • Das Durchschnittsergebnis liegt bei 28 aus 91
Antwortstatistiken
Antwort % Korrekt
Wien Hbf
91%
Salzburg Hbf
82%
Wien-Meidling
79%
Linz Hbf
77%
St. Pölten
77%
Graz Hbf
76%
Bregenz
73%
Innsbruck Hbf
69%
Wels
66%
Amstetten
65%
Villach Hbf
65%
Feldkirch
63%
Wörgl Hbf
57%
Kufstein
55%
Tullnerfeld
55%
Bludenz
54%
Wiener Neustadt Hbf
52%
Attnang-Puchheim
48%
Dornbirn
48%
München Hbf
48%
Mürzzuschlag
48%
Bruck an der Mur
47%
Vöcklabruck
47%
St.Valentin
45%
Semmering
44%
Wien Flughafen
43%
Jenbach
41%
St. Anton am Arlberg
38%
Bischofshofen
37%
Leoben Hbf
37%
Zell am See
36%
Zürich HB
35%
Bad Gastein
33%
Rosenheim
33%
Judenburg
31%
Kapfenberg
31%
Kitzbühel
31%
Bad Hofgastein
29%
Budapest-keleti
29%
Schwarzach-St. Veit
29%
Landeck-Zams
27%
Ötztal
27%
Imst-Pitztal
24%
Knittelfeld
24%
Langen am Arlberg
23%
München Ost
23%
St. Johann im Pongau
22%
Breclav
21%
Györ
21%
Neumarkt am Wallersee
21%
Praha hl.n.
21%
Unzmarkt
21%
Hallein
20%
St. Veit an der Glan
20%
Saalfelden
19%
Dorfgastein
19%
Augsburg Hbf
18%
Freilassing
18%
Stuttgart Hbf
18%
Velden am Wörthersee
18%
Brno hl.n.
17%
Budapest-Kelenföld
17%
Friesach
17%
Pörtschach am Wörthersee
17%
Golling-Abtenau
16%
Hegyeshalom
16%
Telfs
16%
Traunstein
16%
Sargans
15%
Buchs SG
14%
Mallnitz-Obervellach
14%
Ulm Hbf
14%
Mosonmagyarovar
13%
Prien am Chiemsee
13%
Krumpendorf am Wörthersee
12%
Pardubice
12%
Tatabanya
12%
Treibach-Althofen
12%
Klagenfurth Hbf
11%
München-Pasing
11%
St. Johann in Tirol
9%
Günzburg
8%
Kirchberg in Tirol
7%
Kolin
6%
Ceska Trebova
5%
Spittal-Millstädtersee
5%
Hopfgarten
3%
Blansko
1%
Frohnleiten
1%
Letovice
0%
Svitavy
0%
Keine übereinstimmenden Quizze gefunden
Verteilung der Resultate
Anzahl Personen mit jedem Resultat
Perzentil nach korrekt beantworteten Fragen
Ihre Resultats-Entwicklung
Sie haben dieses Quiz noch nicht gespielt